|
|
|
|
| LEADER |
00000cam a22000004a 4500 |
| 001 |
musev2_5302 |
| 003 |
MdBmJHUP |
| 005 |
20230905040631.0 |
| 006 |
m o d |
| 007 |
cr||||||||nn|n |
| 008 |
100416s2005 ilu o 00 0 eng d |
| 020 |
|
|
|a 9780810165885
|
| 020 |
|
|
|z 9780810120495
|
| 040 |
|
|
|a MdBmJHUP
|c MdBmJHUP
|
| 100 |
1 |
|
|a Leatherbarrow, William J.
|
| 245 |
1 |
2 |
|a A Devil's Vaudeville :
|b The Demonic in Dostoevsky's Major Fiction /
|c W.J. Leatherbarrow.
|
| 264 |
|
1 |
|a Evanston, Ill. :
|b Northwestern University Press,
|c 2005.
|
| 264 |
|
3 |
|a Baltimore, Md. :
|b Project MUSE,
|c 0000
|
| 264 |
|
4 |
|c ©2005.
|
| 300 |
|
|
|a 1 online resource (225 pages).
|
| 336 |
|
|
|a text
|b txt
|2 rdacontent
|
| 337 |
|
|
|a computer
|b c
|2 rdamedia
|
| 338 |
|
|
|a online resource
|b cr
|2 rdacarrier
|
| 490 |
0 |
|
|a Studies in Russian literature and theory
|
| 505 |
0 |
0 |
|t Acknowledgments --
|t Note on transliteration and sources --
|t Introduction : Sourcing the demonic --
|g ch. 1.
|t The electricity of human thought : defining the demonic --
|g ch. 2.
|t The fear of aesthetics : Crime and punishment --
|g ch. 3.
|t The Abbot Pafnuty's hand : The idiot --
|g ch. 4.
|t A devil's vaudeville : The devils --
|g ch. 5.
|t The father of the lie : The brothers Karamazov --
|t Conclusion : The kingdom of devils --
|t Notes --
|t Selected bibliography --
|t Index.
|
| 588 |
|
|
|a Description based on print version record.
|
| 600 |
1 |
7 |
|a Dostoevskij, Fedor M.
|2 swd
|
| 600 |
1 |
7 |
|a Dostoevskij, Fëdor Michajlovič
|d 1821-1881
|2 gnd
|
| 600 |
1 |
7 |
|a Dostoyevsky, Fyodor,
|d 1821-1881.
|2 fast
|0 (OCoLC)fst00032733
|
| 600 |
1 |
6 |
|a Dostoyevsky, Fyodor,
|d 1821-1881
|x Critique et interpretation.
|
| 600 |
1 |
0 |
|a Dostoyevsky, Fyodor,
|d 1821-1881
|x Criticism and interpretation.
|
| 650 |
|
7 |
|a Dämon
|g Motiv
|2 gnd
|
| 650 |
|
7 |
|a Dämonie
|2 gnd
|
| 650 |
|
7 |
|a Devil in literature.
|2 fast
|0 (OCoLC)fst00891990
|
| 650 |
|
7 |
|a Demonology in literature.
|2 fast
|0 (OCoLC)fst00890209
|
| 650 |
|
7 |
|a LITERARY CRITICISM
|x General.
|2 bisacsh
|
| 650 |
|
6 |
|a Demonologie dans la litterature.
|
| 650 |
|
6 |
|a Demon dans la litterature.
|
| 650 |
|
0 |
|a Demonology in literature.
|
| 650 |
|
0 |
|a Devil in literature.
|
| 655 |
|
7 |
|a Criticism, interpretation, etc.
|2 fast
|0 (OCoLC)fst01411635
|
| 655 |
|
7 |
|a Electronic books.
|2 local
|
| 710 |
2 |
|
|a Project Muse.
|e distributor
|
| 830 |
|
0 |
|a Book collections on Project MUSE.
|
| 856 |
4 |
0 |
|z Texto completo
|u https://projectmuse.uam.elogim.com/book/5302/
|
| 945 |
|
|
|a Project MUSE - Custom Collection
|